000 00550nam a2200181Ia 4500
999 _c29040
_d29040
003 OSt
005 20210112143001.0
008 190216s9999||||xx |||||||||||||| ||und||
020 _a9788126411634
040 _coclc
082 _a894.81
_bSNAM/K
100 _aNambiar, Kunchan
_97530
245 0 _aKunchan Nambiarute Thullalkrithikal /
_cKunchan Nambiar ; M S Chandrashekara Warrier
260 _bDc Books,
_aKottayam:
_c1989.
300 _a1218p
650 _aKavitha
942 _cBK
_2ddc
_h894.81
_iSNAM/K
_k894.81
_mSNAM/K